000 00392nam a2200181Ia 4500
001 7431
005 20260306160455.0
008 260306t2002||||xx |||||||||||||| ||spa||
041 _aESP
082 _a338.985
_bP26
100 _aParodi Trece, Carlos
_eAUT
245 0 _aPerĂº 1960-2000
260 _c2002
300 _a
_c
650 _aGEN
654 _aCAN
942 _cLIB
_dJUS
_fJUS
_2ddc
_n
999 _c7431
_d7431